000 00943nam a22003137a 4500
003 CHAP
005 20220817042153.0
008 971013s1950 r 00010 d
010 _a36664
011 _a37636
035 _a41756
040 _cCHAP
082 _a641.1
_bF36e
110 _aFAO
245 _aEncuestas alimentarias
_b: su técnica e interpretación
260 _aWashington :
_b(FAO),
_c1950
300 _a120 p.
490 _aFAO. Estudios de nutrición
_v; 4
590 _aBATCH-UPD
_b10
_c20130110
_lUCH01
_h1409
590 _aBATCH-UPD
_b10
_c20130410
_lUCH01
_h0856
590 _aBATCH-UPD
_b10
_c20130914
_lUCH01
_h1843
590 _aCONVERSION
_b10
_c20130109
_lUCH01
_h1321
650 1 4 _aNutrición
_xInvestigación.
_982260
700 0 _aNorris, Thelma.
_981778
830 0 _aFAO. Estudios de nutrición
_v; 4
_939547
901 _aBK
942 _cLIBRO
949 _a641.1 F36e
_bBC
_cFAO
_d-95987
_eFAO1
_h24876
_i41756
_si
999 _c36664
_d36664